Legislatívne bariéry verzus flexibilita podnikateľského sektora
Analýza dopadov zákona na podnikateľský sektor a verejných obstarávateľov. Špecificka problematika zákaziek, ktoré sú svojim charakterom pre podnikateľov z celého spektra štátnych objednávok najzaujímavejšie a to sú potenciálne kontrakty s Ministerstvom obrany SR (ďalej len ministerstva). Tento pro...
Salvato in:
| Autore principale: | |
|---|---|
| Natura: | Capitolo di libro |
| Lingua: | slovacco |
| Soggetti: | |
| Tags: |
Nessun Tag, puoi essere il primo ad aggiungerne!!
|
MARC
| LEADER | 00000nla$a2200000$$$4500 | ||
|---|---|---|---|
| 001 | 0104049 | ||
| 005 | 20240626120738.9 | ||
| 041 | 0 | |a slo | |
| 044 | |a SK | ||
| 245 | 1 | 0 | |a Legislatívne bariéry verzus flexibilita podnikateľského sektora |c Stanislav Morong |
| 520 | |a Analýza dopadov zákona na podnikateľský sektor a verejných obstarávateľov. Špecificka problematika zákaziek, ktoré sú svojim charakterom pre podnikateľov z celého spektra štátnych objednávok najzaujímavejšie a to sú potenciálne kontrakty s Ministerstvom obrany SR (ďalej len ministerstva). Tento problém je skúmaný v dvoch dimenziách. Prvý prístup je založený na skúmaní podmienok a faktorov, ktoré ovplyvňujú možnosť získať zákazky tohto druhu zo strany záujemcov t.z. výrobných a obchodných spoločností. Druhý prístup poukazuje na tie aspekty zákona o verejnom obstarávaní, ktoré rozhodovanie o využití niektorej z metód verejného obstarávania komplikujú, preto je celý proces často brzdou pri napĺňaní zámerov zúčastnených strán. | ||
| 610 | 2 | 0 | |a prostredie podnikateľské |
| 610 | 2 | 0 | |a zákazky |
| 610 | 2 | 0 | |a obstarávanie verejné |
| 610 | 2 | 0 | |a vojenstvo |
| 610 | 2 | 0 | |a legislatíva |
| 100 | 1 | |a Morong, Stanislav | |